000 01011nam a22003490a 4500
001 PT50780
003 AR-LpoUNG
005 20210131231356.0
008 191001s2013||||sp |||||||||||||||||spa d
020 _a9788468009704
_c$25,84
040 _aAR-LpoUNG
_bspa
_cAR-LpoUNG
_eaacr
041 _aspa
044 _asp
082 0 _aR411 387dic
100 1 _aMartos Núñez, Eloy
_ecoor.
245 1 0 _aDiccionario de nuevas formas de lectura y escritura
260 _aMadrid :
_bRed Internacional de Universidades Lectoras - Santillana,
_c2013.
300 _a743 p. :
_bil., fot., tbls., gráfs.
650 4 _aALFABETIZACION
650 4 _aCRITICA LITERARIA
650 4 _aDICCIONARIOS
650 4 _aESCRITURA
650 4 _aLECTURA
650 4 _aLENGUA ESPAÑOLA
650 4 _aLINGÜISTICA
650 4 _aLITERATURA
650 4 _aMATERIAL DE REFERENCIA
651 4 _aDOCUMENTOS TEORICOS O METODOLOGICOS
700 1 _aCampos Fernández-Fígares, Mar
_ecoor.
905 _a50780
942 _cLSALA
999 _c9697
_d9697